Normal view
MARC view
- حق التأليف (إنترنت) -- قوانين وأنظمة
Entry Topical Term
001 - CONTROL NUMBER
- control field: 16423
003 - CONTROL NUMBER IDENTIFIER
- control field: JO-AjAnu
005 - DATE AND TIME OF LATEST TRANSACTION
- control field: 20230606072923.0
008 - FIXED-LENGTH DATA ELEMENTS
- fixed length control field: 230606|| aca||aabn | a|a d
040 ## - CATALOGING SOURCE
- Original cataloging agency: JO-AjAnu
- Transcribing agency: JO-AjAnu
150 ## - HEADING--TOPICAL TERM
- Topical term or geographic name entry element: حق التأليف (إنترنت) -- قوانين وأنظمة
670 ## - SOURCE DATA FOUND
- Source citation: Work cat.: (JO-AjAnu)8429: ونسة ، ديالا عيسى ،تقديم شعيب ، عبد السلام , author 16422, حماية حقوق التأليف على شبكة الانترنت " دراسة مقارنة "